| 000 | 00619cam a22002174a 4500 | ||
|---|---|---|---|
| 020 | _a0821365797 (pbk.) | ||
| 020 | _a9780821365793 | ||
| 040 | _cDLC | ||
| 082 | 0 | 0 | _a333 WOR 2006 A077 Or. |
| 100 | 1 | _aBrown, Ashley C., | |
| 245 | 1 | 0 | _aHandbook for evaluating infrastructure regulatory systems / |
| 260 |
_aWashington, D.C. : _bWorld Bank, _cc2006. |
||
| 300 |
_axx, 397 p. ; _c24 cm. |
||
| 650 | 0 | _aElectric utilities | |
| 650 | 0 | _aElectric utilities | |
| 650 | 0 | _aElectric utilities | |
| 650 | 0 | _aInfrastructure (Economics) | |
| 700 | 1 | _aStern, Jon. | |
| 700 | 1 | _aTenenbaum, Bernard William. | |
| 942 | _cEK | ||
| 999 |
_c15499 _d15499 |
||